| 000 | 00530nam a2200145Ia 4500 | ||
|---|---|---|---|
| 008 | 140724s9999 xx 000 0 und d | ||
| 050 |
_aTK 6655 _b.Ad243 2011 |
||
| 100 | _aAdriano, Mary Grace. | ||
| 245 | 2 |
_aA video production featuring a pilot episode of a children's show highlighting the Aliwan Fiesta / _cMary Grace Adriano. |
|
| 260 |
_aLas PiƱas, Philippines : _bSouthville International School and Colleges, _cc2011. |
||
| 300 |
_a69 p. : _bcol. Ill. ; _c28 cm. |
||
| 521 | _aMedia Arts | ||
| 942 | _cTH | ||
| 999 |
_c228754 _d228754 |
||